[Event "4NCL"]
[Site "De Vere, Staverton Park, ENG"]
[Date "2010.11.06"]
[Round "1.40"]
[White "Jaszkiwskyj, Peter"]
[Black "Mansson, James C"]
[Result "1/2-1/2"]
[WhiteElo "1952"]
[BlackElo "2128"]
[PlyCount "84"]
[EventDate "2010.??.??"]
[WhiteTeam "The Rookies"]
[BlackTeam "e2e4.org.uk 2"]

1. d4 d5 2. Nf3 Nf6 3. c4 c6 4. Nc3 e6 5. Bg5 h6 6. Bh4 dxc4 7. e4 g5 8. Bg3 b5
9. h4 g4 10. Ne5 h5 11. Be2 Bb7 12. f3 Nbd7 13. fxg4 hxg4 14. Nxg4 Nxg4 15.
Bxg4 Nf6 16. Bf3 Be7 17. Be5 Rh7 18. h5 Nd7 19. Bf4 Bg5 20. Qd2 Bxf4 21. Qxf4
Qb6 22. e5 O-O-O 23. O-O-O c5 24. Bxb7+ Qxb7 25. Ne4 Qc6 26. dxc5 Nxc5 27.
Rxd8+ Kxd8 28. Qf6+ Kc8 29. Nxc5 Qxc5 30. Qg5 Rh8 31. h6 c3 32. h7 cxb2+ 33.
Kb1 Qf8 34. Qe3 Qb4 35. g3 Qg4 36. Kxb2 Kb8 37. Qd3 Qb4+ 38. Ka1 Qc5 39. Rh5
Qc1+ 40. Qb1 Qc3+ 41. Qb2 Qe1+ 42. Qb1 Qc3+ 1/2-1/2

[Event "4NCL"]
[Site "De Vere, Staverton Park, ENG"]
[Date "2010.11.06"]
[Round "1.40"]
[White "Horspool, Philip J"]
[Black "Gibson, Christopher A"]
[Result "1/2-1/2"]
[WhiteElo "2138"]
[BlackElo "1984"]
[PlyCount "41"]
[EventDate "2010.??.??"]
[WhiteTeam "e2e4.org.uk 2"]
[BlackTeam "The Rookies"]

1. e4 c5 2. Nf3 Nc6 3. d4 cxd4 4. Nxd4 Nf6 5. Nc3 e5 6. Ndb5 d6 7. Bg5 a6 8.
Na3 b5 9. Nd5 Be7 10. Bxf6 Bxf6 11. c4 b4 12. Nc2 O-O 13. h4 Be6 14. Nce3 a5
15. Bd3 Nd4 16. Rc1 Rc8 17. g3 g6 18. Nxf6+ Qxf6 19. Be2 Rfd8 20. Kf1 Qg7 21.
Qa4 1/2-1/2

[Event "4NCL"]
[Site "De Vere, Staverton Park, ENG"]
[Date "2010.11.06"]
[Round "1.41"]
[White "Healey, Michael W"]
[Black "Raoof, Adam N"]
[Result "1-0"]
[WhiteElo "2069"]
[BlackElo "2149"]
[PlyCount "49"]
[EventDate "2010.??.??"]
[WhiteTeam "Oxford 2"]
[BlackTeam "British Universities CA"]

1. f4 Nf6 2. Nf3 g6 3. g3 Bg7 4. Bg2 O-O 5. O-O d5 6. e3 c5 7. d3 Nc6 8. Qe2
Bg4 9. h3 Bxf3 10. Qxf3 e5 11. Nc3 exf4 12. exf4 Nd4 13. Qf2 Re8 14. g4 b5 15.
Be3 Nxc2 16. Qxc2 Rxe3 17. g5 Nh5 18. Nxd5 Re8 19. Qxc5 Rc8 20. Qf2 f6 21. Rae1
Bf8 22. f5 Rxe1 23. Rxe1 gxf5 24. Qh4 Rc2 25. Qxh5 1-0

[Event "4NCL"]
[Site "De Vere, Staverton Park, ENG"]
[Date "2010.11.06"]
[Round "1.41"]
[White "Levicki, Jeffrey P"]
[Black "Scott, David A"]
[Result "1/2-1/2"]
[WhiteElo "1934"]
[BlackElo "2034"]
[PlyCount "37"]
[EventDate "2010.??.??"]
[WhiteTeam "British Universities CA"]
[BlackTeam "Oxford 2"]

1. e4 c5 2. Nf3 Nc6 3. d4 cxd4 4. Nxd4 g6 5. c4 Nf6 6. Nc3 d6 7. Be2 Nxd4 8.
Qxd4 Bg7 9. Be3 O-O 10. Qd2 Be6 11. Rd1 Qa5 12. O-O Rfc8 13. b3 a6 14. Bf3 Ng4
15. Nd5 Qxd2 16. Rxd2 Nxe3 17. fxe3 Bxd5 18. exd5 Bc3 19. Rc2 1/2-1/2

[Event "4NCL"]
[Site "De Vere, Staverton Park, ENG"]
[Date "2010.11.06"]
[Round "1.41"]
[White "Nitz, Tomos"]
[Black "Kamarunsalehin, Awangku"]
[Result "1/2-1/2"]
[WhiteElo "2058"]
[BlackElo "1825"]
[PlyCount "60"]
[EventDate "2010.??.??"]
[WhiteTeam "Oxford 2"]
[BlackTeam "British Universities CA"]

1. d4 d5 2. c4 c6 3. Nf3 Nf6 4. Nc3 e6 5. Bg5 Be7 6. e3 Nbd7 7. Bd3 h6 8. Bh4
dxc4 9. Bxc4 b5 10. Bd3 a6 11. O-O Bb7 12. e4 c5 13. e5 Nd5 14. Ne4 g5 15. Bg3
g4 16. Nfd2 h5 17. Bh4 Bxh4 18. Nd6+ Kf8 19. Nxb7 Qb6 20. Nxc5 Nxc5 21. dxc5
Qxc5 22. g3 Be7 23. Qe2 Rd8 24. Rac1 Qb6 25. Ne4 h4 26. Rfd1 hxg3 27. hxg3 Qb8
28. Nc5 Qb6 29. Ne4 Qb8 30. Nc5 Qb6 1/2-1/2

[Event "4NCL"]
[Site "De Vere, Staverton Park, ENG"]
[Date "2010.11.06"]
[Round "1.41"]
[White "Holowczak, Alex R"]
[Black "Duggan, Christopher"]
[Result "0-1"]
[WhiteElo "1746"]
[BlackElo "2030"]
[PlyCount "88"]
[EventDate "2010.??.??"]
[WhiteTeam "British Universities CA"]
[BlackTeam "Oxford 2"]

1. e4 c5 2. Nf3 Nc6 3. d4 cxd4 4. Nxd4 e5 5. Nf3 Nf6 6. Bd3 d5 7. exd5 Qxd5 8.
O-O Bg4 9. Nc3 Qd7 10. Be2 Bb4 11. Qxd7+ Bxd7 12. Nd1 e4 13. Nd2 Nd4 14. Bc4
Nxc2 15. Rb1 Rc8 16. Bb3 Bb5 17. Bxc2 Rxc2 18. Ne3 Rxd2 19. Bxd2 Bxd2 20. Rfd1
Bd3 21. Ra1 Bxe3 22. fxe3 Kd7 23. h3 Re8 24. Rac1 Re5 25. a3 Nd5 26. Re1 Nb6
27. b3 Rb5 28. b4 a5 29. bxa5 Nc4 30. Rc3 Rxa5 31. Kf2 Kd6 32. Rb3 Kc6 33. Rc1
b5 34. g4 Kc5 35. h4 Ra6 36. g5 h6 37. gxh6 Rxh6 38. Kg3 Rg6+ 39. Kf2 Rf6+ 40.
Kg3 Rf3+ 41. Kg4 Rxe3 42. Kg5 Rg3+ 43. Kf4 Rf3+ 44. Kg5 f6+ 0-1

[Event "4NCL"]
[Site "De Vere, Staverton Park, ENG"]
[Date "2010.11.06"]
[Round "1.42"]
[White "Vas, Peter J"]
[Black "Peat, Matthew"]
[Result "1-0"]
[WhiteElo "2293"]
[BlackElo "2059"]
[PlyCount "63"]
[EventDate "2010.??.??"]
[WhiteTeam "UCL"]
[BlackTeam "AMCA Rhinos"]

1. e4 c6 2. d4 d5 3. Nd2 dxe4 4. Nxe4 Bf5 5. Ng3 Bg6 6. h4 h6 7. Nf3 Nd7 8. h5
Bh7 9. Bd3 Bxd3 10. Qxd3 e6 11. Bf4 Qa5+ 12. Bd2 Bb4 13. c3 Be7 14. c4 Qc7 15.
O-O-O Ngf6 16. Qe2 b5 17. c5 O-O 18. Ne4 Nxe4 19. Qxe4 Nf6 20. Qe2 Qd7 21. Kb1
Qd5 22. Ne5 Rac8 23. f3 Qxd4 24. Bxh6 Qxc5 25. Bg5 Qb4 26. Rh4 Qc5 27. h6 Rcd8
28. Rc1 Qd6 29. hxg7 Rfe8 30. Qc2 Kxg7 31. Bxf6+ Bxf6 32. Qh7+ 1-0

[Event "4NCL"]
[Site "De Vere, Staverton Park, ENG"]
[Date "2010.11.06"]
[Round "1.42"]
[White "Hart, David PO"]
[Black "Ertbjerg, Andreas"]
[Result "0-1"]
[WhiteElo "2018"]
[BlackElo "2031"]
[PlyCount "78"]
[EventDate "2010.??.??"]
[WhiteTeam "AMCA Rhinos"]
[BlackTeam "UCL"]

1. e4 e6 2. d4 d5 3. Nc3 Bb4 4. e5 c5 5. a3 Bxc3+ 6. bxc3 Ne7 7. Qg4 Qc7 8.
Qxg7 Rg8 9. Qxh7 cxd4 10. Ne2 Nbc6 11. f4 dxc3 12. Qd3 Bd7 13. Nxc3 a6 14. h4
Nf5 15. Rh3 O-O-O 16. Rb1 Na5 17. h5 Bc6 18. Kf2 d4 19. Ne4 Bb5 20. Rxb5 axb5
21. Nf6 Rh8 22. g4 Ne3 23. Bxe3 dxe3+ 24. Qxe3 Qxc2+ 25. Kg1 Nc4 26. Qc5+ Kb8
27. Qxb5 Rd1 28. Rb3 Rxf1+ 29. Kxf1 Qxb3 30. Qxb3 Nd2+ 31. Ke2 Nxb3 32. g5 Nd4+
33. Kd3 Nf5 34. h6 Kc7 35. Kc4 Kc6 36. a4 Ra8 37. Kb4 Rd8 38. Nh5 Ne7 39. Kc4
Ng6 0-1

[Event "4NCL"]
[Site "De Vere, Staverton Park, ENG"]
[Date "2010.11.06"]
[Round "1.42"]
[White "Afonin, Iaroslav"]
[Black "Duvall, Ian"]
[Result "1-0"]
[WhiteElo "1950"]
[BlackElo "2053"]
[PlyCount "97"]
[EventDate "2010.??.??"]
[WhiteTeam "UCL"]
[BlackTeam "AMCA Rhinos"]

1. d4 d5 2. c4 c6 3. e3 Nf6 4. Nc3 e6 5. Nf3 Be7 6. b3 O-O 7. Bd3 Nbd7 8. O-O
c5 9. Bb2 cxd4 10. exd4 Bd6 11. c5 Bb8 12. Re1 Re8 13. Ne5 Nf8 14. f4 N6d7 15.
Ne2 f6 16. Nf3 Bc7 17. b4 Qe7 18. Qb3 Qf7 19. g3 Ng6 20. f5 exf5 21. Nc3 Ndf8
22. Nxd5 Be6 23. Bc4 b5 24. cxb6 Bxb6 25. Nxb6 axb6 26. d5 Bd7 27. d6 Ne6 28.
Nd4 Ne5 29. Bd5 Rad8 30. Nxf5 Qh5 31. Ne7+ Kh8 32. Bxe5 Ng5 33. Bf4 Nh3+ 34.
Kg2 Bg4 35. Bf7 Nxf4+ 36. gxf4 Bf3+ 37. Qxf3 Qxf7 38. Qd3 Qh5 39. Rad1 Qg4+ 40.
Qg3 Qd7 41. f5 Qa4 42. a3 Qd7 43. Rd4 Qa4 44. Rg4 Qc2+ 45. Kg1 Qd2 46. Rxg7
Qxd6 47. Rxh7+ Kxh7 48. Qg6+ Kh8 49. Qh6# 1-0

[Event "4NCL"]
[Site "De Vere, Staverton Park, ENG"]
[Date "2010.11.06"]
[Round "1.42"]
[White "Kovacik, Filip"]
[Black "Sparkes, Daniel A"]
[Result "0-1"]
[WhiteElo "1700"]
[BlackElo "1960"]
[PlyCount "94"]
[EventDate "2010.??.??"]
[WhiteTeam "UCL"]
[BlackTeam "AMCA Rhinos"]

1. d4 Nf6 2. c4 e6 3. g3 Bb4+ 4. Bd2 Qe7 5. Bg2 Nc6 6. Nf3 Ne4 7. O-O Nxd2 8.
Nbxd2 Bxd2 9. Qxd2 e5 10. d5 Nb8 11. b4 d6 12. Ng5 h6 13. Ne4 f5 14. Nc3 a5 15.
a3 Na6 16. Nb5 O-O 17. f4 e4 18. e3 Bd7 19. Rfc1 Rf6 20. Rd1 b6 21. Bf1 Bxb5
22. cxb5 Nb8 23. Qc2 Rf7 24. Rac1 axb4 25. axb4 Qf6 26. Rd4 g5 27. Qc3 gxf4 28.
exf4 Ra3 29. Qc4 Nd7 30. Rdd1 Nf8 31. Qd4 Nh7 32. Qxf6 Nxf6 33. Ra1 Rb3 34.
Rdb1 Rxb1 35. Rxb1 Kg7 36. Re1 Re7 37. Bc4 Re8 38. Re3 Ra8 39. h3 Ra1+ 40. Kf2
Rd1 41. g4 fxg4 42. Bb3 Rd2+ 43. Kg3 gxh3 44. Kxh3 Rd3 45. Rxd3 exd3 46. Kg3
Ne4+ 47. Kg2 d2 0-1

[Event "4NCL"]
[Site "De Vere, Staverton Park, ENG"]
[Date "2010.11.06"]
[Round "1.43"]
[White "Crouch, Colin S"]
[Black "Vikanis, Georgs"]
[Result "1-0"]
[WhiteElo "2335"]
[BlackElo "2042"]
[PlyCount "81"]
[EventDate "2010.??.??"]
[WhiteTeam "Braille Chess Assoc"]
[BlackTeam "Banbury Bulldogs"]

1. d4 Nf6 2. Nf3 c5 3. d5 d6 4. c4 g6 5. Nc3 Bg7 6. e4 Nbd7 7. Be2 a6 8. a4 b6
9. O-O O-O 10. Bf4 Re8 11. Qd2 Ng4 12. h3 Nge5 13. Nxe5 Nxe5 14. Bh6 Bxh6 15.
Qxh6 f6 16. f4 Nf7 17. Qh4 Kg7 18. Rae1 e5 19. dxe6 Bxe6 20. f5 g5 21. Qg3 Bd7
22. Bh5 Re5 23. h4 h6 24. Rd1 Be8 25. Rd2 Qc7 26. Rfd1 Rd8 27. Nd5 Qc6 28. Nf4
Qxe4 29. Ne6+ Rxe6 30. fxe6 Qxe6 31. Bxf7 Bxf7 32. b3 Qe4 33. hxg5 hxg5 34.
Rxd6 Rxd6 35. Rxd6 b5 36. axb5 axb5 37. cxb5 Qb1+ 38. Kh2 Bxb3 39. b6 Bf7 40.
Qf2 Qh7+ 41. Kg1 1-0

[Event "4NCL"]
[Site "De Vere, Staverton Park, ENG"]
[Date "2010.11.06"]
[Round "1.43"]
[White "Mordue, A Tyson"]
[Black "Vikanis, Egils"]
[Result "1-0"]
[WhiteElo "2258"]
[BlackElo "1882"]
[PlyCount "117"]
[EventDate "2010.??.??"]
[WhiteTeam "Braille Chess Assoc"]
[BlackTeam "Banbury Bulldogs"]

1. e4 e5 2. Nf3 Nc6 3. Bb5 d6 4. d4 exd4 5. Nxd4 Bd7 6. Nc3 Nf6 7. O-O Be7 8.
Re1 O-O 9. Bxc6 bxc6 10. b3 c5 11. Nde2 Bg4 12. f3 Bh5 13. Nf4 Bg6 14. Bb2 c6
15. Qe2 Nd7 16. Rad1 Ne5 17. Na4 Qc7 18. c4 Rad8 19. Bc3 Bf6 20. Kh1 Nd7 21.
Bxf6 Nxf6 22. Nc3 Rfe8 23. Nxg6 hxg6 24. Qf2 Re5 25. Rd2 Qe7 26. Red1 Rh5 27.
Qg3 Ne8 28. f4 Nc7 29. e5 d5 30. cxd5 Nxd5 31. Nxd5 cxd5 32. Rxd5 Rxd5 33. Rxd5
Rf5 34. h3 g5 35. Qd3 g6 36. Rd7 Qe6 37. Rd6 Qe7 38. e6 gxf4 39. exf7+ Rxf7 40.
Qxg6+ Rg7 41. Qe6+ Qxe6 42. Rxe6 Rc7 43. Re4 Rf7 44. Kg1 Kg7 45. Kf2 Rd7 46.
Kf3 Rd3+ 47. Kxf4 Rd2 48. g4 Rxa2 49. Ra4 Rf2+ 50. Kg5 Rf7 51. h4 Rb7 52. h5
Rxb3 53. Rxa7+ Kf8 54. Rc7 Rb5 55. h6 c4+ 56. Kg6 Rb6+ 57. Kh5 Rb4 58. g5 Ra4
59. Rc8+ 1-0

[Event "4NCL"]
[Site "De Vere, Staverton Park, ENG"]
[Date "2010.11.06"]
[Round "1.43"]
[White "Jackson, Gary C"]
[Black "Lilley, Graham"]
[Result "1/2-1/2"]
[WhiteElo "1874"]
[BlackElo "2081"]
[PlyCount "63"]
[EventDate "2010.??.??"]
[WhiteTeam "Banbury Bulldogs"]
[BlackTeam "Braille Chess Assoc"]

1. e4 c5 2. Nf3 Nc6 3. d4 cxd4 4. Nxd4 g6 5. Nc3 Bg7 6. Be3 Nf6 7. f3 O-O 8.
Qd2 d5 9. exd5 Nxd5 10. Nxc6 bxc6 11. Nxd5 Qxd5 12. Qxd5 cxd5 13. O-O-O Be6 14.
Bd4 Rfb8 15. Bxg7 Kxg7 16. Rd4 Rb6 17. g4 Rab8 18. b3 Rb4 19. Rxb4 Rxb4 20. Be2
Bd7 21. Rd1 Bc6 22. c3 Rf4 23. Rd4 Rxd4 24. cxd4 g5 25. b4 f6 26. b5 Bb7 27.
Kd2 Kf7 28. Kc3 Ke6 29. Kb4 Kd6 30. a4 e5 31. dxe5+ fxe5 32. a5 1/2-1/2

[Event "4NCL"]
[Site "De Vere, Staverton Park, ENG"]
[Date "2010.11.06"]
[Round "1.44"]
[White "Lunn, Timothy"]
[Black "Staples, Daniel J"]
[Result "0-1"]
[WhiteElo "2055"]
[BlackElo "1960"]
[PlyCount "52"]
[EventDate "2010.??.??"]
[WhiteTeam "Anglian Avengers 2"]
[BlackTeam "AMCA Hippos"]

1. d4 d6 2. c4 e5 3. Nf3 e4 4. Ng5 f5 5. f3 Be7 6. Nh3 Nf6 7. Nc3 exf3 8. exf3
O-O 9. Bd3 Nc6 10. Be3 Nb4 11. Bb1 c6 12. a3 Na6 13. O-O Nc7 14. d5 c5 15. Bd3
Bd7 16. b4 b6 17. Re1 Nce8 18. Qc2 g6 19. Bg5 Nxd5 20. Nxd5 Bxg5 21. Nxg5 Qxg5
22. Re7 Bc6 23. Rae1 Bxd5 24. cxd5 Nf6 25. Qa4 Qd2 26. Bc4 Qd4+ 0-1

[Event "4NCL"]
[Site "De Vere, Staverton Park, ENG"]
[Date "2010.11.06"]
[Round "1.44"]
[White "Hopkins, Phil"]
[Black "Shaw, Matthew H"]
[Result "0-1"]
[WhiteElo "1914"]
[BlackElo "1926"]
[PlyCount "56"]
[EventDate "2010.??.??"]
[WhiteTeam "Anglian Avengers 2"]
[BlackTeam "AMCA Hippos"]

1. e4 e6 2. d4 d5 3. Nd2 Nf6 4. e5 Nfd7 5. Bd3 c5 6. c3 Nc6 7. Ne2 cxd4 8. cxd4
f6 9. exf6 Qxf6 10. Nf3 h6 11. O-O Bd6 12. Be3 O-O 13. Rc1 Rd8 14. Qd2 e5 15.
dxe5 Ndxe5 16. Nxe5 Bxe5 17. b3 d4 18. Bf4 Bf5 19. Bxf5 Qxf5 20. Bxe5 Nxe5 21.
Ng3 Qg6 22. Rfd1 Rd7 23. Rc5 Nc6 24. f3 Re8 25. Ne4 Ne5 26. Kh1 Ng4 27. Re1
Ree7 28. Qf4 Nf2+ 0-1

[Event "4NCL"]
[Site "De Vere, Staverton Park, ENG"]
[Date "2010.11.06"]
[Round "1.44"]
[White "Clapham, Michael JW"]
[Black "Marley, Andrew"]
[Result "1/2-1/2"]
[WhiteElo "1916"]
[BlackElo "1863"]
[PlyCount "47"]
[EventDate "2010.??.??"]
[WhiteTeam "Anglian Avengers 2"]
[BlackTeam "AMCA Hippos"]

1. e4 c5 2. d4 cxd4 3. c3 g6 4. Nf3 Bg7 5. cxd4 d5 6. exd5 Nf6 7. Bc4 O-O 8.
Nc3 Nbd7 9. O-O Nb6 10. Bb3 Nbxd5 11. Re1 Bg4 12. h3 Be6 13. Bg5 Qd6 14. Nxd5
Bxd5 15. Rc1 e6 16. Re3 Ne4 17. Bxd5 Qxd5 18. Be7 Rfc8 19. Rxc8+ Rxc8 20. Qa4
a6 21. Re2 f5 22. Rc2 Rc6 23. Rxc6 Qxc6 24. Qxc6 1/2-1/2

[Event "4NCL"]
[Site "De Vere, Staverton Park, ENG"]
[Date "2010.11.06"]
[Round "1.44"]
[White "Upham, John E"]
[Black "Woodcock, Keith D"]
[Result "1/2-1/2"]
[WhiteElo "1762"]
[BlackElo "1656"]
[PlyCount "31"]
[EventDate "2010.??.??"]
[WhiteTeam "AMCA Hippos"]
[BlackTeam "Anglian Avengers 2"]

1. d4 Nf6 2. Nf3 d5 3. c4 e6 4. Nc3 Be7 5. Bf4 Nh5 6. Be5 f6 7. Bg3 Nxg3 8.
hxg3 Nd7 9. e3 c6 10. Qc2 Nf8 11. Bd3 Kf7 12. O-O-O dxc4 13. Bxc4 b5 14. Be2
Qa5 15. Kb1 Bd7 16. Ne4 1/2-1/2

[Event "4NCL"]
[Site "De Vere, Staverton Park, ENG"]
[Date "2010.11.06"]
[Round "1.45"]
[White "Hosken, Nigel K"]
[Black "Hazlehurst, Cory S"]
[Result "1/2-1/2"]
[WhiteElo "2101"]
[BlackElo "1946"]
[PlyCount "37"]
[EventDate "2010.??.??"]
[WhiteTeam "Gloucestershire Gambits"]
[BlackTeam "3Cs 2"]

1. d4 d5 2. c4 e6 3. Nc3 Nf6 4. Bg5 Nbd7 5. e3 c6 6. Nf3 Qa5 7. Bxf6 Nxf6 8.
Nd2 dxc4 9. Nxc4 Qc7 10. Be2 Be7 11. O-O O-O 12. a3 c5 13. Rc1 Rd8 14. Qc2 Bd7
15. Rfd1 Rac8 16. Ne5 cxd4 17. exd4 Be8 18. Bf3 Nd7 19. Qe2 1/2-1/2

[Event "4NCL"]
[Site "De Vere, Staverton Park, ENG"]
[Date "2010.11.06"]
[Round "1.45"]
[White "Gittens, Nathan L"]
[Black "Waterfield, John W"]
[Result "1/2-1/2"]
[WhiteElo "1850"]
[BlackElo "2005"]
[PlyCount "42"]
[EventDate "2010.??.??"]
[WhiteTeam "3Cs 2"]
[BlackTeam "Gloucestershire Gambits"]

1. d4 Nf6 2. c4 c5 3. d5 b5 4. cxb5 a6 5. b6 a5 6. Nc3 Ba6 7. e4 Bxf1 8. Kxf1
d6 9. Nf3 Nbd7 10. g3 g6 11. Kg2 Bg7 12. Nd2 Qxb6 13. f4 O-O 14. Re1 Qb7 15.
Nf3 Nb6 16. Qe2 e6 17. dxe6 fxe6 18. Nb5 Qc6 19. Nxd6 Qxd6 20. e5 Qd5 21. exf6
Rxf6 1/2-1/2

[Event "4NCL"]
[Site "De Vere, Staverton Park, ENG"]
[Date "2010.11.06"]
[Round "1.45"]
[White "Lambourne, Daniel M"]
[Black "Horton, Jamie A"]
[Result "1/2-1/2"]
[WhiteElo "1996"]
[BlackElo "1882"]
[PlyCount "44"]
[EventDate "2010.??.??"]
[WhiteTeam "Gloucestershire Gambits"]
[BlackTeam "3Cs 2"]

1. d4 Nf6 2. c4 e6 3. Nf3 Bb4+ 4. Bd2 Qe7 5. a3 Bxd2+ 6. Nbxd2 d6 7. e4 e5 8.
d5 O-O 9. g3 Bg4 10. Qc2 a5 11. Bg2 Na6 12. Ng1 Nc5 13. f3 Bh5 14. Ne2 Bg6 15.
O-O a4 16. b4 axb3 17. Nxb3 Nfd7 18. Nxc5 Nxc5 19. Nc3 f5 20. Qb2 b6 21. Qe2
Rfe8 22. Bh3 Qg5 1/2-1/2

[Event "4NCL"]
[Site "De Vere, Staverton Park, ENG"]
[Date "2010.11.06"]
[Round "1.45"]
[White "Manton, Jacob"]
[Black "Meade, Philip J"]
[Result "0-1"]
[WhiteElo "1754"]
[BlackElo "1958"]
[PlyCount "78"]
[EventDate "2010.??.??"]
[WhiteTeam "3Cs 2"]
[BlackTeam "Gloucestershire Gambits"]

1. d4 Nf6 2. c4 e6 3. Nf3 c5 4. d5 exd5 5. cxd5 d6 6. Nc3 g6 7. e4 Bg7 8. Bd3
O-O 9. O-O Bg4 10. Bg5 h6 11. Bh4 a6 12. a4 Nbd7 13. Qb3 Qc7 14. Bg3 Nh5 15. h3
Bxf3 16. gxf3 Be5 17. Ne2 g5 18. Bc4 f5 19. f4 gxf4 20. Bxf4 Nxf4 21. Nxf4 Bxf4
22. Qf3 fxe4 23. Qxe4 Ne5 24. Kh1 Kh8 25. Rg1 Qf7 26. Be2 Qf5 27. Qxf5 Rxf5 28.
Bg4 Nxg4 29. Rxg4 Rg8 30. Rag1 Rfg5 31. Rxg5 Rxg5 32. Re1 Be5 33. b3 b5 34. Rb1
Bd4 35. Re1 Re5 36. Rxe5 Bxe5 37. axb5 axb5 38. Kg1 c4 39. bxc4 b4 0-1

[Event "4NCL"]
[Site "De Vere, Staverton Park, ENG"]
[Date "2010.11.06"]
[Round "1.46"]
[White "Andreev, Peter"]
[Black "Humphreys, Jerry G"]
[Result "0-1"]
[WhiteElo "1864"]
[BlackElo "2066"]
[PlyCount "64"]
[EventDate "2010.??.??"]
[WhiteTeam "e2e4.org.uk 4"]
[BlackTeam "Bristol 2"]

1. e4 c5 2. Nc3 d6 3. g3 Nc6 4. Bg2 g6 5. d3 Bg7 6. Be3 e6 7. Qd2 Nd4 8. Nd1
Ne7 9. c3 Ndc6 10. Ne2 Qa5 11. d4 cxd4 12. cxd4 Qxd2+ 13. Kxd2 Bd7 14. Ndc3 Na5
15. Kd3 Rc8 16. b3 b5 17. a3 a6 18. Rab1 O-O 19. Na2 Nac6 20. Rhe1 f5 21. f3
fxe4+ 22. fxe4 d5 23. e5 Nf5 24. Bf2 Nh4 25. gxh4 Rxf2 26. Rg1 Nxd4 27. Nxd4
Rxa2 28. Rbe1 Rf8 29. Bh3 Rff2 30. Bxe6+ Bxe6 31. Nxe6 Rfd2+ 32. Kc3 a5 0-1

[Event "4NCL"]
[Site "De Vere, Staverton Park, ENG"]
[Date "2010.11.06"]
[Round "1.46"]
[White "Booley, Graham M"]
[Black "Thompson, Robert"]
[Result "0-1"]
[WhiteElo "1776"]
[BlackElo "1895"]
[PlyCount "96"]
[EventDate "2010.??.??"]
[WhiteTeam "e2e4.org.uk 4"]
[BlackTeam "Bristol 2"]

1. e4 c5 2. Nc3 g6 3. g3 Bg7 4. Bg2 Nc6 5. d3 d6 6. Be3 Nf6 7. h3 O-O 8. Nge2
Rb8 9. O-O Ne8 10. Qd2 Nd4 11. Nd1 b5 12. c3 Nxe2+ 13. Qxe2 b4 14. d4 Qa5 15.
Qd2 Nc7 16. c4 Ba6 17. b3 Ne6 18. Bh6 Bxd4 19. Bxf8 Rxf8 20. Rc1 Qb6 21. Ne3
Bb7 22. Kh2 a5 23. f4 Bg7 24. f5 Nd4 25. Ng4 h5 26. Nh6+ Kh7 27. fxg6+ fxg6 28.
Rxf8 Bxf8 29. Nf7 a4 30. Qf4 Ne6 31. Ng5+ Nxg5 32. Qxg5 axb3 33. axb3 Qd8 34.
Rf1 Qe8 35. Qe3 Bg7 36. Qe2 Be5 37. Rf3 h4 38. Qf1 hxg3+ 39. Kh1 Kg7 40. Qe2
Bc8 41. Qe3 Be6 42. Qg5 Qd7 43. h4 Bg4 44. Rf4 Bxf4 45. Qxf4 Bd1 46. Qxg3 Qg4
47. Qf2 Qe2 48. Qf4 Bxb3 0-1

[Event "4NCL"]
[Site "De Vere, Staverton Park, ENG"]
[Date "2010.11.06"]
[Round "1.46"]
[White "Bromilow, Edward T"]
[Black "Fowler, David J"]
[Result "1-0"]
[WhiteElo "1930"]
[BlackElo "1723"]
[PlyCount "127"]
[EventDate "2010.??.??"]
[WhiteTeam "Bristol 2"]
[BlackTeam "e2e4.org.uk 4"]

1. d4 e6 2. Nf3 Nf6 3. e3 d5 4. Bd3 c5 5. b3 Qa5+ 6. c3 cxd4 7. exd4 Bd6 8. O-O
Nbd7 9. Qe2 Qc7 10. Re1 Nf8 11. Ne5 Bd7 12. c4 Ng6 13. f4 O-O 14. Kh1 dxc4 15.
bxc4 Bc6 16. Qf2 Rad8 17. Bb2 Bxe5 18. fxe5 Nh5 19. Re3 Nhf4 20. Bf1 Qe7 21.
Nd2 Qh4 22. Qxh4 Nxh4 23. Nf3 Nf5 24. Ra3 a6 25. Rd1 h6 26. Kg1 g5 27. Kf2 g4
28. Ne1 h5 29. g3 Ng6 30. Nc2 Nxe5 31. d5 Nf3 32. Bd3 Bd7 33. Bf6 Rc8 34. Be4
Rxc4 35. Bxf5 exf5 36. Ne3 Rc7 37. d6 Rc6 38. Be7 Rfc8 39. Nd5 Rc2+ 40. Ke3
Rxh2 41. Nf6+ Kg7 42. Nxd7 Rc4 43. Bf6+ Kg6 44. Bd4 f4+ 45. gxf4 Rxd4 46. Rxd4
Nxd4 47. Kxd4 Rd2+ 48. Kc5 Rc2+ 49. Kd5 Rd2+ 50. Kc5 Rc2+ 51. Kd4 Rd2+ 52. Rd3
Rxd3+ 53. Kxd3 g3 54. Ke3 f5 55. Nc5 Kf7 56. Nxb7 Ke8 57. d7+ Kxd7 58. Nc5+ Kc6
59. Nxa6 h4 60. Kf3 Kd5 61. Nb4+ Kd4 62. Nc6+ Kd3 63. a4 Kc4 64. Ne7 1-0

[Event "4NCL"]
[Site "De Vere, Staverton Park, ENG"]
[Date "2010.11.06"]
[Round "1.46"]
[White "Homer, Neil S"]
[Black "Dunlop, Neil J"]
[Result "0-1"]
[WhiteElo "1673"]
[BlackElo "1922"]
[PlyCount "108"]
[EventDate "2010.??.??"]
[WhiteTeam "e2e4.org.uk 4"]
[BlackTeam "Bristol 2"]

1. Nf3 Nf6 2. c4 g6 3. d4 Bg7 4. g3 O-O 5. Bg2 d6 6. O-O Nbd7 7. Nc3 a6 8. e4
e5 9. h3 Rb8 10. a4 exd4 11. Nxd4 Ne5 12. b3 Nc6 13. Nxc6 bxc6 14. Bg5 h6 15.
Bxf6 Qxf6 16. Rc1 Re8 17. Kh2 h5 18. Qc2 h4 19. Ne2 Bh6 20. Rcd1 Qe5 21. f4
hxg3+ 22. Nxg3 Bxf4 23. Rd3 Kg7 24. Rdf3 Bxg3+ 25. Rxg3 Be6 26. Qc3 Qxc3 27.
Rxc3 c5 28. Re1 f5 29. exf5 Bxf5 30. Rce3 Kf8 31. Rxe8+ Rxe8 32. Rxe8+ Kxe8 33.
Bc6+ Bd7 34. Bb7 Kd8 35. Bf3 Bf5 36. Bd1 Ke7 37. Kg3 Kf6 38. h4 Ke5 39. Kf3 Kd4
40. Kf4 Bb1 41. Kg5 Kc3 42. Kf6 Kd2 43. Bg4 Bc2 44. Ke7 Bxb3 45. Kd7 Bxa4+ 46.
Kxc7 Kc3 47. Be6 Bc2 48. Kb6 Bd3 49. Bf7 Kb4 50. Kc6 a5 51. Kxd6 a4 52. Ke5 a3
53. Kf6 a2 54. Bxg6 a1=Q+ 0-1

[Event "4NCL"]
[Site "De Vere, Staverton Park, ENG"]
[Date "2010.11.06"]
[Round "1.46"]
[White "White, Martin"]
[Black "Dean, Michael"]
[Result "1-0"]
[WhiteElo "1798"]
[BlackElo "1634"]
[PlyCount "51"]
[EventDate "2010.??.??"]
[WhiteTeam "Bristol 2"]
[BlackTeam "e2e4.org.uk 4"]

1. e4 d5 2. exd5 Qxd5 3. Nc3 Qd6 4. d4 g6 5. Nf3 Bg7 6. Be3 Nf6 7. Qd2 O-O 8.
g3 b6 9. Bg2 Bb7 10. O-O a6 11. Bf4 Qd8 12. Rfe1 Nbd7 13. a4 c5 14. dxc5 bxc5
15. Rad1 Qa5 16. Rxe7 Rad8 17. Qe1 Bc6 18. Ne5 Bxa4 19. Nxa4 Qxa4 20. Bc6 Qxc2
21. Nxd7 Ng4 22. Rd2 Qb3 23. Nxf8 Rxf8 24. Rd5 Qb6 25. Rxf7 Rxf7 26. Qe8+ 1-0

[Event "4NCL"]
[Site "De Vere, Staverton Park, ENG"]
[Date "2010.11.06"]
[Round "1.50"]
[White "Jones, William EG"]
[Black "Perez Carballo, Manuel"]
[Result "1-0"]
[WhiteElo "2100"]
[BlackElo "2160"]
[PlyCount "123"]
[EventDate "2010.??.??"]
[WhiteTeam "KJCA Kings"]
[BlackTeam "Metropolitan"]

1. e4 c5 2. Nf3 e6 3. d4 cxd4 4. Nxd4 Nc6 5. Nc3 Qc7 6. Be3 a6 7. Qd2 Nf6 8.
O-O-O Bb4 9. f3 Na5 10. Nb3 b5 11. Kb1 Bb7 12. Nxb5 axb5 13. Qxb4 Nc4 14. Bxc4
bxc4 15. Bb6 Qb8 16. Qxc4 O-O 17. Qc7 Rc8 18. Qxb8 Raxb8 19. Bd4 d5 20. Be5 Ra8
21. Bxf6 gxf6 22. exd5 Bxd5 23. Rd4 Bc4 24. Rhd1 e5 25. R4d2 Be6 26. Nc1 Kf8
27. b3 Ke7 28. Kb2 Rcb8 29. Nd3 Ra5 30. c3 Rba8 31. Nb4 Ke8 32. c4 Ra3 33. Kc3
Rc8 34. Nd5 Bxd5 35. Rxd5 Rxa2 36. R1d2 Ra1 37. Rb5 Ra7 38. Kb4 Re7 39. Rb6 f5
40. Re2 Kf8 41. Kc3 e4 42. Re3 Kg7 43. Ra6 Rd8 44. c5 Rd1 45. Rd6 Rg1 46. Rd2
Rc1+ 47. Rc2 Rb1 48. Kc4 Kf6 49. c6 Ke5 50. Kc5 Rd1 51. fxe4 f4 52. Rf3 Rd8 53.
Rc4 Ra7 54. b4 h6 55. b5 Rda8 56. Kb6 Ra2 57. c7 Rc8 58. Kb7 Raa8 59. b6 h5 60.
Rd3 Ke6 61. Kc6 Ra6 62. Rd8 1-0